| 000 | 01216nam a2200289Ia 4500 | ||
|---|---|---|---|
| 999 |
_c5829 _d5829 |
||
| 003 | OSt | ||
| 005 | 20200623120003.0 | ||
| 008 | 191128s2001 mx gr 000 0 spa d | ||
| 020 | _a9681662784 | ||
| 040 |
_aCO-JMCR _cCO-JMCR |
||
| 041 | 1 |
_aspa _hfr |
|
| 082 | 0 | 4 |
_a330.153 / _bS274t _223 |
| 100 | 1 |
_aSay, Baptiste Jean, _eautor _95962 |
|
| 245 | 1 | 0 |
_aTratado de economía política / _cJean Baptiste Say ; traducción de Eliane Cazenave Tapie Isoard |
| 250 | _aPrimera edición | ||
| 260 |
_aMéxico : _bFondo de Cultura Económica, _c2001. |
||
| 300 |
_a498 páginas ; _c23 cm. |
||
| 490 | 0 | _aClásicos de economía. Obras de Economía | |
| 505 | 0 | _aDe la producción de las riquezas -- De la distribución de las riquezas -- Del consumo de las riquezas | |
| 520 | 3 | _aEs un clásico en la materia cuyos objetivos proncipales consisten en definir el ámbito de estudio propio de la economía política, que desde siempre se ha confundido con otras ciencias. | |
| 534 | _pTraité d'Economie politique | ||
| 546 | _aTraducido del francés | ||
| 650 | 1 | 4 |
_aEconomía _xRiqueza _95963 |
| 650 | 1 | 4 |
_aEconomía política _95964 |
| 700 | 1 |
_aTapie Isoard, Eliane Cazenave, _etraductora _91713 |
|
| 942 |
_2ddc _cBK |
||